000 00610nam a2200181Ia 4500
003 GCL
008 140319s9999 xx 000 0 ara d
040 _aGCL /
_cGCL
082 0 4 _a572.2
_bا ق
100 1 _aانور عبدالعليم
245 1 0 _aقصة التطور (هدية من الاديب عبدالفتاح الجمل) /
_cانور عبدالعليم
300 _a119 ص
490 _aالمكتبة الثقافية
_v0
650 0 4 _aالسلالات البشرية
650 0 4 _aانسان ماقبل التاريخ
650 0 4 _aالانسان - الاصل والاثار
942 _2ddc
_cBK
999 _c47071
_d47071